Southville International School and Colleges
Your cart is empty.
  • Cart
  • Lists
    Public lists Eva Luna New books Lux_list list_1
    Your lists Log in to create your own lists
  • Log in to your account
  • Your cookies
  • Search history
Southville International School and Colleges
  • Advanced search
  • Recent comments
  • Most popular
  • Libraries

Log in to your account

Log in with GOOGLE


If you do not have an external account, but do have a local account, you can still log in:

  1. Home
  2. MARC view: Dads /
Normal view MARC view ISBD view

Dads / (Record no. 106156)

[ view plain ]
MARC details
000 -LEADER
fixed length control field 00551nam a2200169 a 4500
005 - DATE AND TIME OF LATEST TRANSACTION
control field 20140412111424.0
008 - FIXED-LENGTH DATA ELEMENTS--GENERAL INFORMATION
fixed length control field 080201s19uu xx 00 eng d
020 ## - INTERNATIONAL STANDARD BOOK NUMBER
International Standard Book Number 0-9703971-1-9
050 ## - LIBRARY OF CONGRESS CALL NUMBER
Classification number TR(PS E
Item number Da12 2001
100 ## - MAIN ENTRY--PERSONAL NAME
Personal name Rubin, Howie
245 ## - TITLE STATEMENT
Title Dads /
Statement of responsibility, etc Howie Rubin.
260 ## - PUBLICATION, DISTRIBUTION, ETC. (IMPRINT)
Place of publication, distribution, etc Portland :
Name of publisher, distributor, etc Howie haus book,
Date of publication, distribution, etc 2001.
520 ## - SUMMARY, ETC.
Summary, etc This multicultural look at what being a dad is really all about in the contemporary world.
650 ## - SUBJECT ADDED ENTRY--TOPICAL TERM
Topical term or geographic name as entry element Father and child
General subdivision Juvenile literature
650 ## - SUBJECT ADDED ENTRY--TOPICAL TERM
Topical term or geographic name as entry element Fathers
General subdivision Juvenile literature
Holdings
Withdrawn status Lost status Damaged status Home library Current library Shelving location Date acquired Source of acquisition Total Checkouts Full call number Barcode Date last seen Price effective from Koha item type
      Elizalde Library Elizalde Library Teachers Reference Section 02/01/2008     TR(PS E Da12 2001 E11302 04/12/2014 04/12/2014 Books

Dads /

APA

Rubin H., . (2001). Dads. Portland: Howie haus book.

Chicago

Rubin Howie, . 2001. Dads. Portland: Howie haus book.

Harvard

Rubin H., . (2001). Dads. Portland: Howie haus book.

MLA

Rubin Howie, . Dads. Portland: Howie haus book. 2001.

  • Place hold
  • Print
  • Cite
  • Add to your cart (remove)
  • Save record
    BIBTEX Dublin Core MARCXML MARC (non-Unicode/MARC-8) MARC (Unicode/UTF-8) MARC (Unicode/UTF-8, Standard) MODS (XML) RIS
  • More searches
    Search for this title in:
    Other Libraries (WorldCat) Other Databases (Google Scholar) Online Stores (Bookfinder.com) Open Library (openlibrary.org)

Exporting to Dublin Core...

SOUTHVILLE LIBRARY

Southville International School and Colleges Library

1281 Tropical Ave. Cor. Luxembourg St., BF Homes International, Las Pinas City

Tel. No. 8256374 / 252358 Loc. 117/146

Powered by Koha